| 000 | 01522nam a22003377a 4500 | ||
|---|---|---|---|
| 999 |
_c23416 _d23416 |
||
| 003 | AR-CdUCM | ||
| 008 | 251217b2024 pe ||||| |||| 00| 0 spa d | ||
| 040 |
_aMUNICIPALIDAD PROVINCIAL DEL CUSCO _cBIBLIOTECA MUNICIPAL DEL CUSCO |
||
| 041 | _hspa | ||
| 082 |
_a305.86885 / _bM84 |
||
| 100 |
_aMontes Ataucuri, W. Edmundo. _923744 |
||
| 245 |
_aYanawara / _bhuellas de su pasado. |
||
| 260 |
_bValle Grapf _c2019 |
||
| 300 |
_a204 páginas. : _c14 x 20 cm. |
||
| 500 | _zPáginas 195 - 204. | ||
| 505 | _aI. Yanawara en la Época del Desarrollo Autónomo -- La nación quechua -- Inca Roca somete a los Chancas -- Los esclavos -- La función de los Chilques en Arequipa -- Cápac Yupanqui conquista la etnia -- La Rebelión Mitmas -- II. Época de la Invasión Hispana -- El sistema de reducciones -- Los Repartimientos -- Movimientos Indígenas -- Mesiánico -- Religioso -- La Rebelión de Cotabambas -- Sumarios Cuadros -- Mapas.... | ||
| 650 |
_aDominio de la Nación Quechua _951721 |
||
| 650 |
_aAlianza con los Incas _951722 |
||
| 650 |
_aLa Batalla de Antawayllas _951723 |
||
| 650 |
_aLos ayllus de Pitic _951724 |
||
| 650 |
_aLos Chancas someten _951725 |
||
| 650 |
_aLa Rebelión de los Chancas _951726 |
||
| 650 |
_aPueblos Incas _951727 |
||
| 650 |
_aLas Encomiendas _951728 |
||
| 650 |
_aLos Repartimientos _951729 |
||
| 650 |
_aIntendencias _951730 |
||
| 650 |
_aRepartimientos _951731 |
||
| 650 |
_aIndígenas en la colonia _951732 |
||
| 942 |
_2ddc _cLIBROS |
||
| 945 |
_ajmcs _d17/12/2025 |
||